| 000 | 00846nam a22002297a 4500 | ||
|---|---|---|---|
| 003 | UA-OsUOA | ||
| 001 | 21865 | ||
| 007 | ta | ||
| 008 | 20031215b un ||||| |||| 00| 0 ukr d | ||
| 090 |
_a002.6 _bД39 |
||
| 942 | _cBK | ||
| 040 |
_aUA-OsUOA _brus _cUA-OsUOA _dUA-OsUOA |
||
| 245 |
_aДеятельность органов научно-технической информации республики в период перехода к рыночной экономике _bТезисы докладов и сообщений республиканской научно-технической конференции _cРед. Н.Н.Ермошенко А.М.Грабченко |
||
| 300 | _a100 с. | ||
| 955 | _a0 | ||
| 041 | _arus | ||
| 080 | _a002.6 | ||
| 260 |
_aКиев _c1991 |
||
| 044 | _aUA | ||
| 650 | 7 | _2UDC | |
| 999 |
_c308075 _d308075 |
||